000 00373nam a2200145 i 4500
001 bg
100 1 _aHOLEJKO, Krzysztof
245 0 _aPrecyzyjne elektroniczne pomiary odległości i kątów /
_cKrzysztof Holejko.
250 _aWyd.2 zmien.
260 _aWarszawa,
_c1987.
040 _cBPK
041 _apol
942 _cKS
008 s pl f |000 0 pol
999 _c23633
_d23633
856 _uhttp://koha.tu.koszalin.pl/cgi-bin/koha/opac-detail.pl?biblionumber=23633
_yKatalog online BPK